000 00726nam a2200253Ia 4500
003 OSt
005 20220928104602.0
006 a|||||r|||| 00| 0
007 ta
008 220927b |||||||| |||| 00| 0 eng d
020 _c275
024 _a127232
037 _b4522, 24/11/2015, Meharchand Lachhmandas Publicaitons
_cTextual
040 _aSDCL
_cSDCL
_beng
041 _2eng
_aeng
082 _aO15,2D70:g, L3
100 _aGera V.
_9411161
245 0 _aMind and art of bhavabhuti
260 _aDelhi
_c1973
300 _a292p
_ccm.
650 _aSanskrit
_9391587
942 _hO15,2D70:g, L3
_cTEXL
_2CC
999 _c726822
_d726822